000 00928nam a2200277Ia 4500
001 Para_2686
003 CHAP
008 220125s1907 xx 000 0 und d
010 _a201261
040 _cCHAP
082 _aPA-C 595.752 J38
100 _aBall, Elmer Darwin
_99708
245 _aThe genus eutettix /
_c by Elmer Darwin Ball
260 _a:
_b
300 _a68 p.
440 _aJassoidea of America; 1
_9165950
500 _aSobretiro de: Proceedings of the Davenport academic of sciences 12: 27-94, 1907. Encuadernado con: Amerian leaf-hoppers of the subfamily typhlocybinae / by Clarence P. Guillette 70-153
650 _aCicadelidos
_x Colecciones de escritos Circulifer tenellus Leaf
_xhoppers
_9166154
901 _aPA-C 595.752 J38
902 _aA
905 _a0000001907 0000000000 00
910 _a1907
942 _cPARA
942 _cPARA
_d1
999 _c201261
_d201261